Programming in C / (Record no. 9076)

MARC details
000 -LEADER
fixed length control field 01901cam a22004097i 4500
001 - CONTROL NUMBER
control field 18198637
003 - CONTROL NUMBER IDENTIFIER
control field OSt
005 - DATE AND TIME OF LATEST TRANSACTION
control field 20220721122115.0
008 - FIXED-LENGTH DATA ELEMENTS--GENERAL INFORMATION
fixed length control field 140624t20152015njua b 001 0 eng d
010 ## - LIBRARY OF CONGRESS CONTROL NUMBER
LC control number 2014944082
020 ## - INTERNATIONAL STANDARD BOOK NUMBER
International Standard Book Number 9780321776419 (pbk.)
020 ## - INTERNATIONAL STANDARD BOOK NUMBER
International Standard Book Number 0321776410 (pbk.)
035 ## - SYSTEM CONTROL NUMBER
System control number (OCoLC)ocn890433569
040 ## - CATALOGING SOURCE
Original cataloging agency YDXCP
Language of cataloging eng
Transcribing agency YDXCP
Description conventions rda
Modifying agency DLC
042 ## - AUTHENTICATION CODE
Authentication code lccopycat
050 00 - LIBRARY OF CONGRESS CALL NUMBER
Classification number QA76.73.C15.K76
Item number 2015
082 04 - DEWEY DECIMAL CLASSIFICATION NUMBER
Classification number 005.13/3
Edition number 23
100 1# - MAIN ENTRY--PERSONAL NAME
Personal name Kochan, Stephen G.,
Relator term author.
245 10 - TITLE STATEMENT
Title Programming in C /
Statement of responsibility, etc. Stephen G. Kochan.
250 ## - EDITION STATEMENT
Edition statement 4th edition.
264 #1 - PRODUCTION, PUBLICATION, DISTRIBUTION, MANUFACTURE, AND COPYRIGHT NOTICE
Place of production, publication, distribution, manufacture Upper Saddle River, NJ :
Name of producer, publisher, distributor, manufacturer Addison-Wesley,
Date of production, publication, distribution, manufacture, or copyright notice [2015]
264 #4 - PRODUCTION, PUBLICATION, DISTRIBUTION, MANUFACTURE, AND COPYRIGHT NOTICE
Date of production, publication, distribution, manufacture, or copyright notice ©2015.
300 ## - PHYSICAL DESCRIPTION
Extent xv, 525 pages :
Other physical details illustrations ;
Dimensions 23 cm.
336 ## - CONTENT TYPE
Content type term text
Content type code txt
Source rdacontent
337 ## - MEDIA TYPE
Media type term unmediated
Media type code n
Source rdamedia
338 ## - CARRIER TYPE
Carrier type term volume
Carrier type code nc
Source rdacarrier
490 1# - SERIES STATEMENT
Series statement Developer's library
504 ## - BIBLIOGRAPHY, ETC. NOTE
Bibliography, etc. note Includes bibliographical references and index.
505 ## - FORMATTED CONTENTS NOTE
Formatted contents note Content: Introduction: Some fundamentals -- Compiling and running your first program -- Variables, data types, and expressions -- Program looping -- Making decisions -- Working with arrays -- Working Functions -- Working with structures -- Character strings -- Pointers -- operating on bits -- The preprocessor -- Extending data types with the enumerated data type, type definitions and data type conversions -- Working with larger programs -- Input and output operations in C -- Miscellaneous and advanced features Debugging programs -- Object-oriented programming --
650 #0 - SUBJECT ADDED ENTRY--TOPICAL TERM
Topical term or geographic name entry element C (Computer program language)
650 #7 - SUBJECT ADDED ENTRY--TOPICAL TERM
Topical term or geographic name entry element C (Computer program language)
Source of heading or term fast
Authority record control number or standard number (OCoLC)fst00843279
830 #0 - SERIES ADDED ENTRY--UNIFORM TITLE
Uniform title Developer's library.
906 ## - LOCAL DATA ELEMENT F, LDF (RLIN)
a 7
b cbc
c copycat
d 2
e ncip
f 20
g y-gencatlg
942 ## - ADDED ENTRY ELEMENTS (KOHA)
Source of classification or shelving scheme Library of Congress Classification
Koha item type Books
Holdings
Withdrawn status Lost status Source of classification or shelving scheme Damaged status Not for loan Home library Current library Date acquired Total Checkouts Full call number Barcode Date last seen Copy number Price effective from Koha item type
    Library of Congress Classification     WISCONSIN INTERNATIONAL UNIVERSITY COLLEGE, GHANA KUMASI LIBRARY WISCONSIN INTERNATIONAL UNIVERSITY COLLEGE, GHANA KUMASI LIBRARY 15/11/2019   QA76.73.C15.K76 K/2400/2400/19 21/07/2022 1 21/07/2022 Books

If you have any concerns or questions; kindly contact the library


© Powered by WIUC ICT DIRECTORATE